Stolice Azji od A-Z - Statystyki

Ogólne statystyki
  • Ten quiz został rozwiązany 52 razy
  • Średni wynik to 13 z 16
Statystyki odpowiedzi
# Stolice % Poprawnych
M Male | Manama | Manila | Maskat | Moskwa
95%
S Sana | Seul | Singapur | Sri Dźajawardanapura Kotte
95%
P Pekin | Pjongjang | Phnom Penh
93%
T Taszkent | Tbilisi | Teheran | Thimphu | Tokio
93%
A Abu Zabi | Amman | Ankara | Astana | Aszchabad
90%
D Damaszek | Dhaka | Dili | Doha | Duszanbe | Dżakarta
88%
E Erywań
88%
K Kabul | Kair | Katmandu | Kuala Lumpur | Kuwejt
88%
N Naypiydaw | Nikozja | Nowe Delhi
83%
U Ułan Bator
83%
B Bagdad | Baku | Bandar Seri Begawan | Bangkok | Bejrut | Biszkek
79%
H Hanoi
76%
J Jerozolima
74%
R Rijad
71%
I Islamabad
69%
W Wientian
62%
Nie znaleziono quizów pasujących do podanych kryteriów
Rozkład punktacji
Procent ludzi z każdym wynikiem
Percentyl według liczby udzielonych odpowiedzi
Twoja historia wyników
Nie rozwiązałeś tego quizu